Countries With Highest Government Budget - Statistics

General Stats
  • This quiz has been taken 111 times
  • The average score is 10 of 12
Answer Stats
Answer % Correct
China
97%
France
92%
Germany
92%
BONUS :There are two countries that exchanges their positions in total expenditures. Name them :{India And Spain}
91%
Japan
91%
Italy
85%
India
82%
Spain
82%
Canada
78%
Brazil
73%
United States
55%
United Kingdom
47%
No matching quizzes found
Score Distribution
Percent of People with Each Score
Percentile by Number Answered
Your Score History
You have not taken this quiz